Project SEKAI Characters based on Favorite Foods - Statistics

General Stats
  • This quiz has been taken 25 times
  • The average score is 14 of 19
Answer Stats
Food Answer % Correct
Instant Noodles Kanade Yoisaki
96%
Pancakes Akito/Ena Shinonome
91%
Taiyaki Emu Otori
83%
Apple Pie Honami Mochizuki
83%
Mom's Homecooked Meals Mafuyu Asahina
83%
Curry Rice Mizuki Akiyama
83%
Coffee Toya Aoyagi
83%
Japanese Sweets Airi Momoi
78%
Yakisoba Buns Ichika Hoshino
78%
Rum Raisin Ice Cream An Shiraishi
74%
Soda Candy Rui Kamishiro
74%
Udon Noodles Shizuku Hinomori
74%
Salmon Minori Hanasato
70%
Snacks Saki Tenma
70%
Salisbury Steak Shiho Hinomori
70%
Acqua Pazza Tsukasa Tenma
70%
Peach Buns Kohane Azusawa
65%
Grapefruit Nene Kusanagi
65%
"Anything sweet" Haruka Kiritani
57%
No matching quizzes found
Score Distribution
Percent of People with Each Score
Percentile by Number Answered
Your Score History
You have not taken this quiz